00343pab a2200121 454500008004000000100001900040245010400059260000900163300001000172362000800182650001100190773002000201180718b1999 xxu||||| |||| 00| 0 eng d aRaghavan, R.K. aIndependence of the police investigating agency for ensuring socio-economic justice to the citizens c1999 ap.4-7 aSep aPolice aC.B.I. Bulletin